Μαθήματα Ανάλυσης Παλινδρόμησης (Record no. 1988)
[ view plain ]
| 000 -LEADER | |
|---|---|
| fixed length control field | 01178cam a22001934a 4500 |
| 005 - ΗΜΕΡΟΜΗΝΙΑ ΚΑΙ ΩΡΑ ΤΕΛΕΥΤΑΙΑΣ ΕΝΗΜΕΡΩΣΗΣ | |
| Πεδίο ελέγχου | 20250605164025.0 |
| 008 - FIXED-LENGTH DATA ELEMENTS--GENERAL INFORMATION | |
| Πεδίο ελέγχου σταθερού μήκους | 250528s ||||||||||||||||||||||||d |
| 035 ## - SYSTEM CONTROL NUMBER | |
| System control number | 16494 |
| 020 ## - ISBN | |
| ISBN | 1154 |
| 040 ## - ΠΗΓΗ ΚΑΤΑΛΟΓΟΓΡΑΦΗΣΗΣ | |
| Φορέας πρωτότυπης καταλογογράφησης | MC Athens Campus Library |
| Γλώσσα καταλογογράφησης | Ελληνικά, Μοντέρνα (1453-) |
| Modifying agency | MC Athens Campus Library |
| Κανόνες περιγραφικής καταλογογράφησης | AACR2 |
| 245 1# - ΤΙΤΛΟΣ ΚΑΙ ΔΗΛΩΣΗ ΥΠΕΥΘΥΝΟΤΗΤΑΣ | |
| Τίτλος | Μαθήματα Ανάλυσης Παλινδρόμησης |
| 260 ## - PUBLICATION, DISTRIBUTION, ETC. | |
| Name of publisher, distributor, etc. | Σταμούλης Α, |
| Date of publication, distribution, etc. | 1991 |
| 300 ## - PHYSICAL DESCRIPTION | |
| Extent | 240 |
| 520 ## - SUMMARY, ETC. | |
| Summary, etc. | Εισαγωγή, Το Διμετάβλητο Κλασσικό Γραμμικό Υπόδειγμα, Ευθεία Παλινδρομήσεως, Το Κλασσικό Γραμμικό Υπόδειγμα, Το Κανονικό Κλασσικό Γραμμικό Υπόδειγμα, Έλεγχος της Καλής Προσαρμογής του Υποδείγματος, Το Πολυμεταβλητό Γραμμικό Υπόδειγμα, Χρήσεις Αποκλίσεων στο Γραμμικό Υπόδειγμα, Μια Γενίκευση του Κλασσικού Γραμμικου Υποδείγματος, Γενικότεροι Έλεγχοι Υποθέσεων. |
| 700 1# - ΠΡΟΣΘΕΤΗ ΑΝΑΓΡΑΦΗ--ΦΥΣΙΚΟ ΠΡΟΣΩΠΟ | |
| Personal name | Καφφες Δημητριος Φ |
| 9 (RLIN) | 2586 |
| 942 ## - ADDED ENTRY ELEMENTS (KOHA) | |
| Koha item type | Books |
| Τύπος τεκμηρίου | Βιβλιοθήκη | Τρέχουσα τοποθεσία | Barcode | Αριθμός εισαγωγής | Ημερομηνία απόκτησης | Ταξιθετικό σύμβολο | Αριθμός αντιτύπου | Κατάσταση απόσυρσης | Κατάσταση χαμένου | Κατάσταση κατεστραμμένου | Μη δανεισμός | Σύνολο δανεισμών | Ημερομηνία τελευταίας εμφάνισης | Η τιμή ισχύει από |
|---|---|---|---|---|---|---|---|---|---|---|---|---|---|---|
| Books | MC Athens Campus Library | MC Athens Campus Library | 9780000019875 | 4199 | 05/06/2025 | 621.816 KAF | 1 | 05/06/2025 | 05/06/2025 |